| 000 | 00667nam a22002057a 4500 | ||
|---|---|---|---|
| 999 |
_c1434 _d1434 |
||
| 003 | AR-CdUCM | ||
| 008 | 190227b ||||| |||| 00| 0 spa d | ||
| 040 |
_aMUNICIPALIDAD PROVINCIAL DEL CUSCO _cBIBLIOTECA MUNICIPAL DEL CUSCO |
||
| 082 |
_a869.56 / _bSU91 |
||
| 100 |
_aSulca Velasquez, Ismael Augusto _95432 |
||
| 245 | _aTransfigurando / | ||
| 260 |
_aLima : _bCentauro, _c1991. |
||
| 300 |
_a120 paginas ; _bil, _c25cm. |
||
| 505 | _aIntroduccion -- De cartas a poemas -- Acordes interiores -- Para darnos valor | ||
| 650 |
_aLiteratura _983 |
||
| 650 |
_aPoesias _95433 |
||
| 650 |
_aPremio Nacionall _95434 |
||
| 942 |
_2ddc _cLIBROS |
||
| 945 |
_apjha _d2019-02-27 |
||